| 000 | 00489 a2200169 4500 | ||
|---|---|---|---|
| 005 | 20260311144516.0 | ||
| 008 | 260311b |||||||| |||| 00| 0 eng d | ||
| 020 | _a9789360808242 | ||
| 040 | _cSDCL | ||
| 041 |
_2eng _aeng |
||
| 084 | _aV253:74'G R5 | ||
| 100 |
_aBronkhorst, Johannes _91131678 |
||
| 245 |
_aGreater Magadha : _b Studies in the Culture of Early India |
||
| 260 |
_aNew Delhi : _bManohar Publisher & Distributors, _c2025. |
||
| 300 | _axix, 414p. | ||
| 942 |
_cTEXL _2CC |
||
| 999 |
_c1564109 _d1564109 |
||